Материалы совещания по автоматизации производственных процессов в целлюлозно-бумажной и гидролизной промышленности: сборник докладов

Dades bibliogràfiques
Autor corporatiu: Совещание по автоматизации производственных процессов в целлюлозно-бумажной и гидролизной промышленности
Idioma:rus
Publicat: Москва, ЦБТИ, 1956
Matèries:
Format: MixedMaterials Llibre
KOHA link:https://koha.lib.tpu.ru/cgi-bin/koha/opac-detail.pl?biblionumber=95220

MARC

LEADER 00000nam0a2200000 4500
001 95220
005 20231031110034.0
035 |a (RuTPU)RU\TPU\book\101975 
035 |a RU\TPU\book\101971 
090 |a 95220 
100 |a 20060421d1956 k y0rusy50 ca 
101 0 |a rus 
102 |a RU 
105 |a a z 000zy 
200 1 |a Материалы совещания по автоматизации производственных процессов в целлюлозно-бумажной и гидролизной промышленности   |e сборник докладов  |f Совещание по автоматизации производственных процессов в целлюлозно-бумажной и гидролизной промышленности 
210 |a Москва  |c ЦБТИ  |d 1956 
215 |a 86 с.  |c ил. 
610 1 |a материалы 
610 1 |a совещания 
610 1 |a автоматизация 
610 1 |a производственные процессы 
610 1 |a целлюлозно-бумажная промышленность 
610 1 |a гидролизная промышленность 
675 |a 661.713.05-52  |v 3 
675 |a 676.05-52  |v 3 
712 1 2 |a Совещание по автоматизации производственных процессов в целлюлозно-бумажной и гидролизной промышленности  |e Ленинград  |f 1956 
801 1 |a RU  |b 63413507  |c 20060421  |g PSBO 
801 2 |a RU  |b 63413507  |c 20060424  |g PSBO 
942 |c BK